000 00612cam a2200229 a 4500
001 426493
005 20180313050217.0
008 811105s1982 iluaf b 001 0 eng
010 _a 81017488
020 _a0882958119 (pbk.)
040 _aDLC
_cDLC
_dDLC
041 _aeng
043 _an-us---
080 _a304.873
082 0 0 _a304.873 KRA
_219
100 1 _a20
101 _aSHP
245 1 4 _aThe huddled masses :
_cAlan M. Kraut.
504 _aBibliography: p. 186-203.
906 _a7
_bcbc
_corignew
_d1
_eocip
_f19
_gy-gencatlg
942 _2ddc
_cBK
999 _c44831
_d44831